| 000 | 00379nam a2200145Ia 4500 | ||
|---|---|---|---|
| 008 | 230917s9999||||xx |||||||||||||| ||und|| | ||
| 040 |
_e51168 _aMAIN |
||
| 041 | _aEnglish | ||
| 082 | _a783 J334P:J | ||
| 100 | _aPathy, Dinanth, ed | ||
| 245 | 0 | _aJayadeva and Gitagovinda: In the tradition of Orissa | |
| 260 |
_aNew Delhi _bHarman _c1995 |
||
| 300 | _axix, 253 p. | ||
| 942 | _cBK | ||
| 999 |
_c93574 _d93574 |
||